Redes Cisco: guía de estudio para la certificación CCNA Routing y Switching
Bewaard in:
| Hoofdauteur: | |
|---|---|
| Formaat: | Onbekend |
| Taal: | Engels Spaans |
| Gepubliceerd in: |
Cuernavaca, México.
Alfaomega,
2014
|
| Editie: | Primera edición |
| Onderwerpen: | |
| Tags: |
Voeg label toe
Geen labels, Wees de eerste die dit record labelt!
|
MARC
| LEADER | 00000 a2200000 4500 | ||
|---|---|---|---|
| 003 | CL-VaPUC | ||
| 005 | 20231020120455.0 | ||
| 008 | 200116b ||||| |||| 00| 0 eng d | ||
| 999 | |c 376473 |d 376471 | ||
| 020 | |a 9786076221716 | ||
| 040 | |c Pontificia Universidad Católica de Valparaíso | ||
| 041 | 0 | |a spa | |
| 082 | |a 004.62 ARI 2014 | ||
| 100 | |a Ariganello, Ernesto |e autor |9 605679 | ||
| 245 | |a Redes Cisco: |b guía de estudio para la certificación CCNA Routing y Switching | ||
| 250 | 0 | 0 | |a Primera edición |
| 260 | 3 | |a Cuernavaca, México. |b Alfaomega, |c 2014 | |
| 300 | |a 507 páginas | ||
| 505 | 0 | |a Capítulo 1. Introducción a las redes. Capítulo 2. Direccionamiento IP. Capítulo 3. Conmutación. Capítulo 4. Configuración del switch. Capítulo 5. Enrutamiento IP. Capítulo 6. Configuración del router. Capítulo 7. Lista de acceso. Capítulo 8. Configuración de enrutamiento. Capítulo 9. Redes de área amplia. Anexo I. Preparativos para el examen. | |
| 583 | |k Hugo Gaete |c 20200116 | ||
| 650 | 0 | 0 | |a Protocolos de redes |9 464559 |
| 650 | 0 | 0 | |a Redes de computadores |9 263293 |
| 650 | 0 | 0 | |a Internet |9 254823 |
| 650 | 0 | 0 | |a Protocolo de internet |9 496760 |
| 942 | |2 ddc |c BK | ||
| 952 | |0 0 |1 0 |2 ddc |4 0 |6 004_620000000000000_ARI_2014 |7 0 |8 A |9 495897 |a BIBING |b BIBING |d 2020-01-09 |e 82 |g 22496.00 |i 5572002 |l 1 |o 004.62 ARI 2014 |p 5572002 |r 2024-01-25 |s 2023-09-25 |t 1 |v 22496.00 |w 2020-01-09 |y BK |k EIE | ||
| 952 | |0 0 |1 0 |2 ddc |4 0 |6 004_620000000000000_ARI_2014 |7 0 |8 A |9 495898 |a BIBING |b BIBING |d 2020-01-09 |e 82 |g 22496.00 |i 5572010 |o 004.62 ARI 2014 |p 5572010 |r 2024-01-25 |t 2 |v 22496.00 |w 2020-01-09 |y BK |k EIE | ||
| 952 | |0 0 |1 0 |2 ddc |4 0 |6 004_620000000000000_ARI_2014 |7 0 |8 A |9 561714 |a BIBING |b BIBING |c GEN |d 2020-03-20 |e 82 |g 22496.00 |i 5574595 |l 7 |m 3 |o 004.62 ARI 2014 |p 5574595 |r 2024-11-11 |s 2024-10-23 |t 4 |v 22496.00 |w 2020-03-20 |y BK |k EIE | ||
| 952 | |0 0 |1 0 |2 ddc |4 0 |6 004_620000000000000_ARI_2014 |7 0 |8 A |9 561715 |a BIBING |b BIBING |c GEN |d 2020-03-20 |e 82 |g 22496.00 |i 5574587 |o 004.62 ARI 2014 |p 5574587 |r 2024-01-25 |t 3 |v 22496.00 |w 2020-03-20 |y BK |k EIE | ||